000 00555nam a2200181Ia 4500
003 GCL
008 140319s9999 xx 000 0 ara d
040 _aGCL /
_cGCL
082 0 4 _a613.7
_bا ف
100 1 _aابوالعلا احمد عبدالفتاح
245 1 0 _aفسيولوجيا اللياقة البدنية /
_cابوالعلا احمد عبدالفتاح
700 1 _aاحمد نصر الدين سيد
300 _a338 ص
490 _a
650 0 4 _aالفسيولوجيا
650 0 4 _aاللياقة البدنية
942 _2ddc
_cBK
999 _c39596
_d39596